|
|
|
|
| LEADER |
00912nam a22002291a 4500 |
| 001 |
c000102188 |
| 003 |
CARM |
| 005 |
00000000000000.0 |
| 008 |
900115s1958 enkab 00010 eng d |
| 019 |
1 |
|
|a 21702556
|z 6903966
|5 LACONCORD2021
|
| 035 |
|
|
|a (OCoLC)3246855
|5 LACONCORD2021
|
| 043 |
|
|
|a e-uk---
|
| 100 |
1 |
|
|a Edlin, Herbert L.
|q (Herbert Leeson),
|d 1913-1976.
|
| 245 |
1 |
0 |
|a England's forests :
|b a survey of the woodlands old and new in the English and Welsh counties /
|c H.L. Edlin.
|
| 260 |
|
|
|a London :
|b Faber,
|c 1958.
|
| 300 |
|
|
|a 223 p. :
|b ill., maps.
|
| 504 |
|
|
|a Bibliography: p. 215-216.
|
| 650 |
|
0 |
|a Forests and forestry
|z Great Britain.
|
| 852 |
8 |
|
|b CARM
|h A2:AD38B0
|i B03134
|p 0139131
|f BK
|
| 082 |
0 |
4 |
|a 634.90942
|
| 999 |
f |
f |
|i 3c207dd2-1f91-5702-b7ac-02b0a8b156a9
|s 722d3a84-ac45-5e90-a02d-89608661604e
|
| 952 |
f |
f |
|p Can circulate
|a CAVAL
|b CAVAL
|c CAVAL
|d CARM 1 Store
|e B03134
|f A2:AD38B0
|h Other scheme
|i book
|m 0139131
|